Bez koho to v soutěži prostě nejde

Spotrebiteľské súťaže a úloha personálu v mieste predaja. Zapojenie personálu do súťaže. Využitie mystery shoppingu na kontrolu personálu. Dôležitosť menších miest a dobrých vzťahov medzi ľuďmi. Úspech spotrebiteľskej súťaže založený na dobrej komunikácii partnerov a na dobrých vzťahoch s predajcami...

Ausführliche Beschreibung

Gespeichert in:
Bibliographische Detailangaben
1. Verfasser: Frey, Petr
Format: Buchkapitel
Sprache:Tschechisch
Schlagworte:
Tags: Tag hinzufügen
Keine Tags, Fügen Sie das erste Tag hinzu!

MARC

LEADER 00000naa$a2200000$$$4500
001 0077364
005 20231019093116.9
041 0 |a cze 
044 |a CZ 
245 1 0 |a Bez koho to v soutěži prostě nejde  |c Petr Frey 
520 |a Spotrebiteľské súťaže a úloha personálu v mieste predaja. Zapojenie personálu do súťaže. Využitie mystery shoppingu na kontrolu personálu. Dôležitosť menších miest a dobrých vzťahov medzi ľuďmi. Úspech spotrebiteľskej súťaže založený na dobrej komunikácii partnerov a na dobrých vzťahoch s predajcami. 
610 2 0 |a marketing 
610 2 0 |a spotrebitelia 
610 2 0 |a súťaže 
610 2 0 |a komunikácia 
610 2 0 |a predaj 
610 2 0 |a predajcovia 
610 2 0 |a kontrola 
100 1 |a Frey, Petr